=LDR 00000nam 2200000 4500 =001 INLIS000000000032034 =005 20130612134051 =008 ***********************************ind** =035 ##$$0010-061300000032034 =041 ##$$a ind =082 ##$$a .912.1 =090 ##$$a R.912.1, Ari a =245 ##$$a ATLAS lengkap dunia Indonesia dengan 33 Provinsi untuk SD,SMP,SMU dan Umum =260 ##$$a 2005 $b Surabaya =300 ##$$a 80 hlm, Peta, 23 cm =650 ##$$a Atlas =850 ##$$a NBPNMAT